Odvody poistného v roku 2024
Každoročne od začiatku januára toho-ktorého kalendárneho roka sa mení suma odvodov, nakoľko ich výška sa vypočítava v závislosti od zmeny priemernej mesačnej mzdy v hospodárstve Slovenskej republiky, ktorú každý rok zisťuje a vyhlasuje Štatistický úrad SR. Aj v roku 2024 došlo k zvýšeniu minimálnych...
Enregistré dans:
| Auteur principal: | |
|---|---|
| Format: | Chapitre de livre |
| Langue: | slovaque |
| Sujets: | |
| Tags: |
Pas de tags, Soyez le premier à ajouter un tag!
|
MARC
| LEADER | 00000naa a2200000 4500 | ||
|---|---|---|---|
| 001 | 0299181 | ||
| 005 | 20240417075303.9 | ||
| 041 | 0 | |a slo | |
| 044 | |a SK | ||
| 245 | 1 | 0 | |a Odvody poistného v roku 2024 |c Sandra Mrukviová Tomiová |
| 520 | |a Každoročne od začiatku januára toho-ktorého kalendárneho roka sa mení suma odvodov, nakoľko ich výška sa vypočítava v závislosti od zmeny priemernej mesačnej mzdy v hospodárstve Slovenskej republiky, ktorú každý rok zisťuje a vyhlasuje Štatistický úrad SR. Aj v roku 2024 došlo k zvýšeniu minimálnych a maximálnych odvodov do Sociálnej poisťovne a k zvýšeniu minimálnych preddavkov na zdravotné poistenie. Aké sú zmeny v platení odvodov? | ||
| 610 | 2 | 0 | |a odvody |
| 610 | 2 | 0 | |a poistné |
| 610 | 2 | 0 | |a poisťovne sociálne |
| 610 | 2 | 0 | |a poistenie zdravotné |
| 610 | 2 | 0 | |a preddavky |
| 610 | 2 | 0 | |a zamestnanci |
| 610 | 2 | 0 | |a zákony |
| 610 | 2 | 0 | |a legislatíva |
| 100 | 1 | |a Mrukviová Tomiová, Sandra | |